00526nam a2200157 i 4500001000700000003000900007005001700016008004100033040002000074100002200094245010500116250001200221260003900233300003000272852006600302165772ES-MaACL20230906213213.0050906s1843 sp a | |||||||| ||spa d aCAM bspa cCAM1 aSterne, Laurence.10aViaje sentimental de Sterne a Paris, bajo el nombre de Yorik / ctraducido libremente al castellano. aEd. il. aMadrid : bI. Boix editor, c1843. a213 p. : bil. ; c23 cm. aES-MaACLjC-1979 z-- Enc. hol. z-- Enc. en un vol. facticio